000 00843nmc a2200289 a 4500
003 AR-BaBNM
005 20251128211058.0
008 202020s1968 ||||||||||||||000 | spa||
040 _cAR-BaBNM
100 1 _aPower, Edward J
245 1 0 _aEducación para la democracia
_nTomo I
260 _aBuenos Aires
_bBibliográfica Omeba
_c1968
300 0 _a313 p.
_btablas
490 0 _aAmérica en letras
504 _aContiene bibliografía al final de cada capítulo
650 4 _aFINALIDADES DE LA EDUCACION
650 4 _aORGANIZACION DE LA EDUCACION
650 4 _aPROGRAMAS DE EDUCACION
650 4 _aROL DEL DOCENTE
651 4 _aEstados Unidos
653 _aEDUCACION DEMOCRATICA
653 _aSISTEMA EDUCATIVO
653 _aEDUCACION PUBLICA
700 1 _aSánchez, Atanasio
_etraductor
942 _cBK
998 _calicia
999 _c18131
_d18131